Countries with the Highest Percentage of Immigrants - Statistics

General Stats
  • This quiz has been taken 47 times
    30 since last reset
  • The average score is 10 of 15
Answer Stats
% Answer % Correct
54.7 Bahrain
86%
73.8 Qatar
86%
83.7 United Arab Emirates
86%
70.0 Kuwait
75%
64.2 Monaco
75%
31.4 Saudi Arabia
75%
42.9 Singapore
75%
33.3 Australia
71%
43.3 Luxembourg
71%
100.0 Vatican City
71%
33.1 Liechtenstein
64%
56.9 Andorra
61%
33.3 Lebanon
54%
40.2 Jordan
46%
49.3 Brunei
43%
No matching quizzes found
Score Distribution
Percent of People with Each Score
Percentile by Number Answered
Your Score History
You have not taken this quiz since the last reset